LEADER 00917nam0-2200289 --450 001 9911064628003321 005 20260219120125.0 010 $a978-88-13-38803-4 020 $aIT$b2026-275 100 $a20260219d2025----kmuy0itay5050 ba 101 0 $aita$cita 102 $aIT 105 $a 001yy 200 1 $aData Act$eaccesso equo ai dati e loro utilizzo$eprofili sistematici e applicativi nell'orizzonte del diritto privato$fa cura di Vittorio Bachelet, Gianluigi Marino, Antonio Racano 210 $aMilano$cWolters Kluwer$dİ2025 215 $aXX, 382 p.$d24 cm 676 $a343.240999$v23$zita 702 1$aMarino,$bGianluigi 702 1$aBachelet,$bVittorio$f<1985- > 702 1$aRacano,$bAntonio 801 0$aIT$bUNINA$gREICAT$2UNIMARC 901 $aBK 912 $a9911064628003321 952 $aVIII O 568$b2025/1912$fFGBC 959 $aFGBC 996 $aDATA Act$93462980 997 $aUNINA